| LEADER | 01115nam a2200193 4500 | ||
|---|---|---|---|
| 082 | |a 330.071 |b C108TH | ||
| 100 | |a Cao Thị Toàn | ||
| 245 | |a Đề cương bài giảng kinh tế học đại cương |c Cao Thị Toàn chủ biên, Nguyễn Ngọc Huấn, Nguyễn Ái Đoàn | ||
| 260 | |a H. |b [Knxb] |c 1998 | ||
| 300 | |a 102 tr. |c 27 cm | ||
| 520 | |a v.v... | ||
| 653 | |a Kinh tế học | ||
| 856 | |u Bài giảng | ||
| 942 | |2 ddc |c STK0 | ||
| 999 | |c 9343 |d 9343 | ||
| 952 | |0 0 |1 0 |2 ddc |4 0 |6 330_071000000000000_C108TH |7 0 |8 300 |9 74879 |a qbu |b qbu |c D2 |d 2015-05-10 |g 10000 |o 330.071 C108TH |p 9250.c1 |r 0000-00-00 |w 2015-05-10 |y STK0 | ||
| 952 | |0 0 |1 0 |2 ddc |4 0 |6 330_071000000000000_C108TH |7 0 |8 300 |9 74880 |a qbu |b qbu |c D2 |d 2015-05-10 |g 10000 |o 330.071 C108TH |p 9250.c2 |r 0000-00-00 |w 2015-05-10 |y STK0 | ||
| 952 | |0 0 |1 0 |2 ddc |4 0 |6 330_071000000000000_C108TH |7 0 |8 300 |9 74881 |a qbu |b qbu |c D2 |d 2015-05-10 |g 10000 |l 3 |m 1 |o 330.071 C108TH |p 9250.c3 |r 2016-06-17 |s 2016-05-04 |w 2015-05-10 |y STK0 | ||
| 952 | |0 0 |1 0 |2 ddc |4 0 |6 330_071000000000000_C108TH |7 0 |8 300 |9 74882 |a qbu |b qbu |c D2 |d 2015-05-10 |g 10000 |l 9 |m 6 |o 330.071 C108TH |p 9250.c4 |r 2018-01-08 |s 2017-10-02 |w 2015-05-10 |y STK0 | ||